Poskytovanie dotácií z rozpočtu obcí

Niektoré obce pri riešení žiadostí o poskytnutie finančných pros­triedkov formou dotácií majú často nejasnosti, akým spôsobom majú postupovať, komu môžu poskytnúť dotáciu a za akých podmienok. Odpovede na mnohé otázky z oblasti poskytovania dotácií z rozpočtu obce.

Na minha lista:
Detalhes bibliográficos
Autor principal: Hospodárová, Oxana
Formato: Capítulo de Livro
Idioma:eslovaco
Assuntos:
Tags: Adicionar Tag
Sem tags, seja o primeiro a adicionar uma tag!

MARC

LEADER 00000naa a2200000 4500
001 0241191
005 20221104112901.3
041 0 |a slo 
044 |a SK 
245 1 0 |a Poskytovanie dotácií z rozpočtu obcí  |c Oxana Hospodárová 
520 |a Niektoré obce pri riešení žiadostí o poskytnutie finančných pros­triedkov formou dotácií majú často nejasnosti, akým spôsobom majú postupovať, komu môžu poskytnúť dotáciu a za akých podmienok. Odpovede na mnohé otázky z oblasti poskytovania dotácií z rozpočtu obce. 
610 2 0 |a Slovensko 
610 2 0 |a správa miestna 
610 2 0 |a rozpočet miestny 
610 2 0 |a obce 
610 2 0 |a predpisy právne 
100 1 |a Hospodárová, Oxana